Handbook on material and energy balance calculations in metallurgical processes / (Record no. 355535)
[ view plain ]
| 000 -LEADER | |
|---|---|
| fixed length control field | 00939cam a2200289 i 4500 |
| 001 - CONTROL NUMBER | |
| control field | 1811324 |
| 003 - CONTROL NUMBER IDENTIFIER | |
| control field | Nust- CAS-E |
| 005 - DATE AND TIME OF LATEST TRANSACTION | |
| control field | 20180118181405.0 |
| 008 - FIXED-LENGTH DATA ELEMENTS--GENERAL INFORMATION | |
| fixed length control field | 800721s1979 paua b 001 0 eng |
| 010 ## - LIBRARY OF CONGRESS CONTROL NUMBER | |
| LC control number | 79093329 |
| 020 ## - INTERNATIONAL STANDARD BOOK NUMBER | |
| International Standard Book Number | 089520360X |
| 040 ## - CATALOGING SOURCE | |
| Original cataloging agency | DLC |
| Transcribing agency | DLC |
| Modifying agency | DLC |
| 050 00 - LIBRARY OF CONGRESS CALL NUMBER | |
| Classification number | TN671 |
| Item number | .F54 |
| 082 00 - DEWEY DECIMAL CLASSIFICATION NUMBER | |
| Classification number | 669 |
| Edition number | 19 |
| Author Mark | FIN 1993 |
| 100 1# - MAIN ENTRY--PERSONAL NAME | |
| Personal name | Fine, H. Alan. |
| 245 10 - TITLE STATEMENT | |
| Title | Handbook on material and energy balance calculations in metallurgical processes / |
| Statement of responsibility, etc. | by H. Alan Fine and Gordon H. Geiger. |
| 260 ## - PUBLICATION, DISTRIBUTION, ETC. | |
| Place of publication, distribution, etc. | Warrendale, Pa. : |
| Name of publisher, distributor, etc. | Metallurgical Society of AIME, |
| Date of publication, distribution, etc. | [c1979] |
| 300 ## - PHYSICAL DESCRIPTION | |
| Extent | xii, 572 p . : |
| Other physical details | ill. ; |
| Dimensions | 27 cm. |
| 440 #0 - SERIES STATEMENT/ADDED ENTRY--TITLE | |
| Title | Metallurgical textbook series |
| 500 ## - GENERAL NOTE | |
| General note | Includes index. |
| 502 ## - DISSERTATION NOTE | |
| Dissertation note | 0 |
| 504 ## - BIBLIOGRAPHY, ETC. NOTE | |
| Bibliography, etc. note | Bibliography: p. 518-561. |
| 650 #0 - SUBJECT ADDED ENTRY--TOPICAL TERM | |
| Topical term or geographic name entry element | Metallurgy |
| General subdivision | Handbooks, manuals, etc. |
| 700 1# - ADDED ENTRY--PERSONAL NAME | |
| Personal name | Geiger, Gordon Harold, |
| Dates associated with a name | 1937- |
| 906 ## - LOCAL DATA ELEMENT F, LDF (RLIN) | |
| a | 7 |
| b | cbc |
| c | orignew |
| d | 2 |
| e | opcn |
| f | 19 |
| g | y-gencatlg |
| 942 ## - ADDED ENTRY ELEMENTS (KOHA) | |
| Source of classification or shelving scheme | |
| Koha item type | Book |
| Withdrawn status | Lost status | Source of classification or shelving scheme | Damaged status | Not for loan | Collection code | Permanent Location | Current Location | Shelving location | Date acquired | Source of acquisition | Cost, normal purchase price | Total Checkouts | Full call number | Barcode | Date last seen | Price effective from | Koha item type |
|---|---|---|---|---|---|---|---|---|---|---|---|---|---|---|---|---|---|
| US-Pakistan Center for Advanced Studies in Energy (USPCAS-E) | US-Pakistan Center for Advanced Studies in Energy (USPCAS-E) | 10/26/2015 | Multiline Books | 5876.00 | 669 FIN 1993 | CAS-E0000652 | 10/26/2015 | 10/26/2015 | Book |
